| 000 | 00547nam a2200181 a 4500 | ||
|---|---|---|---|
| 001 | 4542 | ||
| 003 | CDMR | ||
| 005 | 20131018181140.0 | ||
| 008 | 130130s2003||||||||||||||||||||||||||||d | ||
| 040 |
_aCDMR _bcat _cCDMR |
||
| 245 | 0 |
_aEstudi sobre el sector de la premsa gratuïta a Catalunya _b: informe de resultats |
|
| 260 |
_aMataró _c2003 _bAssociació Catalana de Premsa Gratuïta |
||
| 300 | _a62 p. | ||
| 650 | 0 | 4 |
_93117 _aDiaris _zCatalunya |
| 650 | 0 | 4 |
_94146 _aPremsa _xAspectes econòmics |
| 650 | 0 | 4 |
_93940 _aPremsa gratuïta |
| 942 |
_cMON _2udc |
||
| 999 |
_c4542 _d4542 |
||